[Event "III Perla Baltyku A"]
[Site "Mielno POL"]
[Date "2007.06.19"]
[Round "2"]
[White "Birjukov,S"]
[Black "Kusina,J"]
[Result "0-1"]
[WhiteElo "2273"]
[BlackElo "2147"]

1.d4 Nf6 2.c4 e6 3.g3 c5 4.Nf3 b6 5.d5 d6 6.Nc3 e5 7.e4 Be7 8.Bg2 Bd7 9.O-O Qc8
10.Ne1 Bg4 11.f3 Bh3 12.Qa4+ Bd7 13.Qc2 Bh3 14.Nd3 Bxg2 15.Qxg2 Na6 16.a3 Nd7
17.Be3 Nc7 18.f4 Bf6 19.Rf3 Qa6 20.fxe5 Nxe5 21.Nxe5 Bxe5 22.Qe2 O-O 23.Bf4 Rae8
24.Bxe5 Rxe5 25.Raf1 Qc8 26.Qf2 Qd7 27.Rf5 Qe7 28.Qf4 f6 29.Rxe5 Qxe5 30.Qxe5 fxe5
31.Rxf8+ Kxf8 32.Kf2 Ke7 33.g4 Kf6 34.h4 Kg6 35.Kf3 h5 36.Nd1 Kh6 37.Nf2 b5
38.b3 bxc4 39.bxc4 Na8 40.g5+ Kg6 41.Ke3 Nb6 42.Kd3 Kf7 43.Nd1 Ke7 44.Kc3 Nd7
45.Kb3 Nb6 46.Nc3 a6 47.Nd1 Kf7 48.g6+ Kxg6 49.Ne3 Kf6 50.Nf5 g5 51.Nxd6 gxh4
52.Nf5 h3 53.Ng3 h2  0-1

[Event "Open"]
[Site "Teplice CZE"]
[Date "2007.06.21"]
[Round "7"]
[White "Haba,Z"]
[Black "Manik,M"]
[Result "0-1"]
[WhiteElo "2229"]
[BlackElo "2438"]

1.d4 Nf6 2.c4 e6 3.g3 c5 4.Nf3 cxd4 5.Nxd4 Bb4+ 6.Nc3 Ne4 7.Qd3 Bxc3+ 8.bxc3 Nc5
9.Qc2 b6 10.Bg2 Bb7 11.Bxb7 Nxb7 12.Qe4 Nc6 13.Nxc6 dxc6 14.Qxc6+ Qd7 15.Qb5 Nd6
16.Qxd7+ Kxd7 17.c5 bxc5 18.Bf4 Nc4 19.O-O-O+ Kc6 20.Kc2 Rhd8 21.Rd3 e5 22.Bc1 e4
23.Rxd8 Rxd8 24.g4 Kb5 25.Rd1 Rxd1 26.Kxd1 Nb6 27.Kc2 Kc4 28.f3 Nd5 29.fxe4 Nxc3
30.Bb2 Nxe2 31.Bxg7 Nd4+ 32.Kd2 a5 33.Ke3 Nc6 34.Bf6 a4 35.a3 Nd4 36.h4 Nc2+
37.Kf4 Nxa3 38.g5 Nb5 39.Bg7 Nd4 40.Bxd4 Kxd4 41.h5 a3 42.e5 a2  0-1

[Event "White Nights"]
[Site "St Petersburg RUS"]
[Date "2007.06.30"]
[Round "6"]
[White "Kostin,S"]
[Black "Soloviev,V"]
[Result "1-0"]
[WhiteElo "2284"]
[BlackElo "2342"]

1.d4 Nf6 2.c4 e6 3.g3 c5 4.d5 exd5 5.cxd5 d6 6.Bg2 g6 7.Nc3 Bg7 8.e4 O-O
9.Nge2 Na6 10.O-O Nc7 11.a4 Rb8 12.h3 b6 13.Be3 Re8 14.Rb1 Na6 15.g4 Nb4
16.Ng3 Qd7 17.g5 Nh5 18.Nxh5 gxh5 19.Qe2 Bb7 20.Rfd1 h4 21.f4 Qe7 22.e5 h6
23.gxh6 Bxh6 24.Qg4+ Kh8 25.Qh5 Kg7 26.Kh1 dxe5 27.Rg1 Rh8 28.d6 Qxd6 29.Bd5+ Kf8  1-0

[Event "Inautomarket Open"]
[Site "Minsk BLR"]
[Date "2007.07.13"]
[Round "4"]
[White "Cherepov,A"]
[Black "Tunik,G"]
[Result "0-1"]
[WhiteElo "2249"]
[BlackElo "2450"]

1.d4 Nf6 2.c4 e6 3.g3 c5 4.d5 exd5 5.cxd5 b5 6.Bg2 d6 7.b4 Nbd7 8.a3 g6 9.Bb2 Bg7
10.e4 O-O 11.Ne2 Re8 12.Nbc3 Ne5 13.Nxb5 Nc4 14.Bxf6 Bxf6 15.Rc1 Qb6 16.a4 a6
17.bxc5 Qxc5 18.Nbc3 Bd7 19.O-O Rab8 20.Qd3 Rb3 21.Rc2 Na3 22.Rcc1 Rc8 23.Qxa6 Bxc3
24.Nxc3 Rxc3 25.Rxc3 Qxc3 26.Qxd6 Bxa4 27.Bh3 Re8 28.Qf4 Qd4 29.Bg2 Bb5 30.Rc1 Nc2
31.h4 Nb4 32.Rc7 Rf8 33.Rb7 Nd3 34.Qd2 Ba6 35.Rb1 Qc5 36.Ra1 Bc4 37.Bf1 Ne5
38.Qc3 f6 39.Rc1 Rc8 40.Qb2 Kg7 41.Kh1 Qe7 42.f4 Ng4 43.e5  0-1

[Event "XII Open"]
[Site "Balaguer ESP"]
[Date "2007.07.19"]
[Round "4"]
[White "Matnadze,A"]
[Black "Flores,Di"]
[Result "0-1"]
[WhiteElo "2409"]
[BlackElo "2560"]

1.d4 Nf6 2.c4 e6 3.g3 c5 4.d5 exd5 5.cxd5 b5 6.Bg2 d6 7.e3 g6 8.Ne2 Bg7 9.O-O O-O
10.a3 a5 11.Nbc3 Qb6 12.b3 Nbd7 13.Bb2 Bb7 14.Rb1 Rfe8 15.h3 Ne5 16.Ba1 b4
17.Na4 Qc7 18.axb4 axb4 19.e4 Ba6 20.f4 Ned7 21.e5 dxe5 22.fxe5 Nxe5 23.d6 Qa7
24.Bxa8 Qxa8 25.Bxe5 Rxe5 26.Rf2 Ne4 27.d7 Rd5 28.Qe1 Nxf2 29.Nb6 Nd3 30.Qf1 Qb7
31.Nxd5 Qxd5 32.Qg2 Qxd7 33.Qa8+ Qc8 34.Qxc8+ Bxc8 35.Rd1 Ba6 36.Rd2 Be5
37.Kh2 h5 38.Ra2 Bb7 39.Ra7 Bf3 40.Ng1 Bd5 41.Rd7 h4 42.Ne2 Be4 43.Re7 g5
44.Kg1 Bf3 45.Kf1 hxg3 46.Nxg3 Bxg3 47.Re3 Ne5  0-1

[Event "Sun Pawn Open"]
[Site "Ilichevsk UKR"]
[Date "2007.07.27"]
[Round "7"]
[White "Aliferenko,A"]
[Black "Neronov,B"]
[Result "1-0"]
[WhiteElo "2256"]
[BlackElo "2031"]

1.d4 Nf6 2.c4 e6 3.g3 c5 4.Nf3 d5 5.Bg2 Nc6 6.O-O Be7 7.Nc3 dxc4 8.Qa4 O-O
9.dxc5 Qa5 10.Qxc4 Qxc5 11.Qxc5 Bxc5 12.Bf4 Bd7 13.Rac1 Nh5 14.Bc7 Rfc8 15.Nb5 Bf8
16.Bd6 e5 17.Rfd1 Nf6 18.a3 a6 19.Bxf8 Rxf8 20.Nd6 Rab8 21.Nxb7 Rxb7 22.Nxe5 Nxe5
23.Bxb7 Bb5 24.Rd2 g6 25.b3 Rb8 26.Rc8+ Rxc8 27.Bxc8 Ne4 28.Rc2 Kg7 29.a4 Be8
30.Bxa6 Bd7 31.Bb7 Nd6 32.Bg2 Be6 33.Rb2 Nf5 34.f4 Ng4 35.b4 Nge3 36.b5 Nc4
37.b6  1-0

[Event "US Open"]
[Site "Cherry Hill USA"]
[Date "2007.07.30"]
[Round "2"]
[White "Shapiro,D"]
[Black "Buehl,W"]
[Result "0-1"]
[WhiteElo "2297"]
[BlackElo "2062"]

1.d4 Nf6 2.c4 e6 3.g3 c5 4.d5 exd5 5.cxd5 d6 6.Nc3 g6 7.Bg2 Bg7 8.Nf3 O-O
9.O-O a6 10.a4 Nbd7 11.Bf4 Qc7 12.h3 Nh5 13.Bd2 Ne5 14.g4 Nxf3+ 15.Bxf3 Nf6
16.Bg2 Rb8 17.Rb1 b5 18.axb5 axb5 19.b4 c4 20.Qc1 h5 21.f3 Kh7 22.Be3 Re8
23.Qd2 Qe7 24.Bd4 hxg4 25.hxg4 Nd7 26.Bxg7 Kxg7 27.Ra1 Qh4 28.Ra5 Rh8 29.Rc1 Ne5
30.Qd4 Qg3 31.Ne4 Qh2+ 32.Kf1 Bxg4 33.Nxd6 Bh3 34.Bxh3 Rxh3 35.Ke1 Kh7 36.Kd1 Nd3
37.Rca1 Qxd6 38.exd3 Qxb4 39.Ra7 Rh1+  0-1

[Event "Jihlavanka Cup GMB"]
[Site "Olomouc CZE"]
[Date "2007.08.07"]
[Round "9"]
[White "Kraemer,Mart"]
[Black "Zakhartsov,V"]
[Result "1/2-1/2"]
[WhiteElo "2437"]
[BlackElo "2559"]

1.d4 Nf6 2.c4 e6 3.g3 c5 4.Nf3 cxd4 5.Nxd4 Bb4+ 6.Bd2 Bc5 7.Nb3 Be7 8.Bg2 Nc6
9.Nc3 O-O 10.O-O b6 11.Bf4 Ba6 12.Nb5 d5 13.Nc7 Bxc4 14.Nxa8 Qxa8 15.Re1 e5
16.Bg5 Rd8 17.Nd2 Bb5 18.e3 e4 19.f3 exf3 20.Nxf3 h6 21.Nd4 Ba6 22.Rc1 Ne5
23.Bxf6 Bxf6 24.Bf1 Bxf1 25.Kxf1 Qb7 26.b3 Qd7 27.Kg2 Re8 28.h3 Be7 29.Nf3 Bb4
30.Rf1 Bc5 31.Nd4 a5 32.Qd2 Bb4 33.Qe2 Bc5 34.Rcd1 Ng6 35.Nf5 Re5 36.Qg4 Qe6
37.Qf3 Bxe3 38.Rde1 Bc5 39.Rxe5 Nxe5 40.Qe2 Kh7 41.g4 g6 42.Nh4 Kg7 43.Nf3 Nxf3
44.Qxf3 Be3 45.h4 d4 46.h5 gxh5 47.gxh5 Bg5 48.Rd1 Qe5 49.Rf1 Qe6  1/2-1/2

[Event "Tsiolkovsky Mem"]
[Site "Kaluga RUS"]
[Date "2007.08.08"]
[Round "6"]
[White "Kostin,S"]
[Black "Barykin,V"]
[Result "1-0"]
[WhiteElo "2284"]
[BlackElo "2113"]

1.d4 Nf6 2.c4 e6 3.g3 c5 4.d5 exd5 5.cxd5 d6 6.Nc3 Be7 7.Bg2 O-O 8.Nf3 Bd7
9.a4 Na6 10.O-O Re8 11.Nd2 Qc8 12.Nc4 Bh3 13.e4 Rd8 14.Re1 Bxg2 15.Kxg2 Nb4
16.h3 Nd7 17.f4 Nb6 18.b3 Qd7 19.Bb2 Bf8 20.Qd2 g6 21.Rad1 Nxc4 22.bxc4 f6
23.e5 fxe5 24.fxe5 dxe5 25.Ne4 Qf5 26.Re2 Nc6 27.Rf1 Qc8 28.Rxf8+ Rxf8 29.dxc6 Qxc6
30.Qd5+ Qxd5 31.cxd5 b6 32.Bxe5 Rad8 33.d6 Rf5 34.Bc3 Kf7 35.g4 Rd5 36.Rf2+ Ke6
37.Rf6+ Kd7 38.Rf7+ Kc8 39.Rxa7 h5 40.Ra8+  1-0

[Event "LNA Copa Puma"]
[Site "Argentina ARG"]
[Date "2007.08.11"]
[Round "1"]
[White "Alza,A"]
[Black "Orsini,A"]
[Result "0-1"]
[WhiteElo "2122"]
[BlackElo "2363"]

1.d4 e6 2.c4 Nf6 3.g3 c5 4.d5 exd5 5.cxd5 d6 6.Nc3 g6 7.Nf3 Bg7 8.Bg2 O-O
9.O-O a6 10.a4 Re8 11.h3 Nbd7 12.Nd2 Rb8 13.Nc4 Nb6 14.Na3 Bd7 15.a5 Nc8
16.Nc4 Bb5 17.Ne3 b6 18.Nxb5 axb5 19.axb6 Nxb6 20.Rb1 Ne4 21.Kh2 f5 22.Qc2 Bd4
23.b4 c4 24.Rd1 Bg7 25.Bxe4 Rxe4 26.Ng2 Na4 27.Nf4 Nc3 28.Ne6 Qb6 29.e3 Nxd1
30.Qxd1 c3 31.Rb3 Rc4 32.Qd3 Bf6 33.h4 Ra8 34.h5 Ra1 35.hxg6 hxg6 36.Qc2 Qb7
37.Nf4 Be5 38.Nxg6 Qh7+  0-1

[Event "Dato Arthur Tan Malaysian Op"]
[Site "Kuala Lumpur MAS"]
[Date "2007.08.21"]
[Round "3"]
[White "Tirto"]
[Black "Tan Khai Boon"]
[Result "0-1"]
[WhiteElo "2418"]
[BlackElo "2138"]

1.d4 Nf6 2.c4 e6 3.g3 c5 4.Nf3 cxd4 5.Nxd4 d5 6.Bg2 e5 7.Nb3 d4 8.O-O Nc6
9.Bg5 Be7 10.N1d2 O-O 11.Re1 a5 12.Nc1 Re8 13.Nd3 Qc7 14.Rc1 Bf5 15.Bxf6 Bxf6
16.Nc5 Be7 17.Nce4 Be6 18.Nb3 Qb6 19.c5 Qb4 20.Nd6 Bxd6 21.cxd6 Qxd6 22.Nc5 Bc8
23.Qa4 Rd8 24.Qb5 Rb8 25.Qb6 Ne7 26.Qa7 f5 27.e4 b6 28.Nd3 Rd7 29.Rxc8+ Nxc8
30.Qa6 fxe4 31.Bxe4 Rc7 32.Qb5 Ne7 33.Nxe5 Ng6 34.Qb3+ Kf8 35.Nd3 Re8 36.Qb5 Rce7
37.f3 Ne5 38.Nf4 Nxf3+ 39.Bxf3 Rxe1+ 40.Kg2 R1e5 41.Qb3 d3 42.Bd1 d2 43.Qc4 Qc5
44.Qd3 Re1 45.Qxd2 Rg1+ 46.Kh3 Qf5+ 47.Bg4 Qf6 48.Nh5 Qf7 49.Qd6+ Kg8 50.Qxb6 Qf1+
51.Kh4 Rg2 52.h3 Qf7 53.Nf4 g5+ 54.Kxg5 Re5+ 55.Bf5 Qxf5+  0-1

[Event "Dato Arthur Tan Malaysian Op"]
[Site "Kuala Lumpur MAS"]
[Date "2007.08.26"]
[Round "11"]
[White "Ton That Nhu Tung"]
[Black "Tan Khai Boon"]
[Result "1/2-1/2"]
[WhiteElo "2247"]
[BlackElo "2138"]

1.d4 Nf6 2.c4 e6 3.g3 c5 4.Nf3 cxd4 5.Nxd4 d5 6.Bg2 e5 7.Nf3 d4 8.O-O Nc6
9.e3 Be6 10.exd4 exd4 11.b3 Bc5 12.Ne1 Bg4 13.Qc2 O-O 14.h3 Bh5 15.a3 d3
16.Qxd3 Nd4 17.Ra2 Bg6 18.Qd1 Bxb1 19.Rd2 Ne4 20.Bxe4 Bxe4 21.b4 Qf6 22.Bb2 Nf3+
23.Nxf3 Qxf3 24.Qxf3 Bxf3 25.bxc5 h5 26.Be5 Rfe8 27.Bd6 Rad8 28.Rc1 Rd7 29.Kf1 Re6
30.Rc3 Be4 31.f3 Bc6 32.Kf2 f5 33.Re3 Kf7 34.h4 g6 35.Rdd3 b6 36.Bb8 Rxe3
37.Rxd7+ Bxd7 38.Kxe3 bxc5 39.Bxa7 Ke6 40.Bxc5 Ba4 41.Kf4 Bd1 42.Bb4 Be2
43.c5 Bb5 44.g4 fxg4 45.fxg4 hxg4 46.Kxg4 Kd7 47.Kg5 Bd3 48.a4 Kc6 49.Kf6 Bc2
50.Ba3 Bd3 51.a5 Kb5 52.Ke7 Kc6 53.Kd8 Ba6 54.Bb4 Bd3 55.Kc8 Ba6+ 56.Kb8 Bd3
57.Ka7 Be2 58.Kb8 Ba6 59.Ba3 Be2 60.Kc8 Bg4+ 61.Kd8 Be2 62.Bb4 Ba6 63.Ke7 Bd3
64.Ba3 Kb5 65.Kd6 Kxa5 66.c6 Bf5 67.Bc5 Ka6 68.Kc7 Kb5  1/2-1/2

[Event "3rd Geller mem Open A"]
[Site "Odessa UKR"]
[Date "2007.09.10"]
[Round "3"]
[White "Grinev,V"]
[Black "Lomakin,V"]
[Result "1-0"]
[WhiteElo "2242"]
[BlackElo "2086"]

1.d4 Nf6 2.c4 e6 3.g3 c5 4.Nf3 cxd4 5.Nxd4 Nc6 6.Bg2 Bc5 7.Nb3 Be7 8.O-O O-O
9.Nc3 d6 10.Bf4 a6 11.Rc1 Nh5 12.Be3 Nf6 13.h3 Nd7 14.Qd2 Rb8 15.Rfd1 Nf6
16.Bf4 Ne8 17.c5 e5 18.cxd6 Nxd6 19.Be3 Nc4 20.Qxd8 Bxd8 21.Bc5 Re8 22.Nd5 Nxb2
23.Rd2 Na4 24.Bd6 Ra8 25.Nc7 Bxc7 26.Bxc7 Be6 27.Rxc6 bxc6 28.Bxc6 Rec8 29.Bxa8 Rxa8
30.Bxe5 Bxh3 31.g4 h5 32.gxh5 Nb6 33.Rd3 Bg4 34.Rg3 Bxh5 35.Bd4 Nc4 36.Rxg7+  1-0

[Event "60th ch-RUS Higher League"]
[Site "Krasnoyarsk RUS"]
[Date "2007.09.12"]
[Round "9"]
[White "Kornev,Alexei"]
[Black "Lysyj,I"]
[Result "1-0"]
[WhiteElo "2567"]
[BlackElo "2578"]

1.d4 Nf6 2.c4 e6 3.g3 c5 4.d5 exd5 5.cxd5 b5 6.Bg2 d6 7.e4 Nbd7 8.f4 g6 9.Qe2 Qa5+
10.Nd2 Bg7 11.e5 O-O 12.Nf3 Nxd5 13.O-O Bb7 14.Ne4 dxe5 15.Nd6 Ba6 16.Nxe5 b4
17.Qf2 Qc7 18.Rd1 Nxe5 19.fxe5 Bxe5 20.Rxd5 Bxd6 21.Qf6  1-0

[Event "3rd Geller mem Open A"]
[Site "Odessa UKR"]
[Date "2007.09.16"]
[Round "9"]
[White "Grinev,V"]
[Black "Vasilevich,T"]
[Result "0-1"]
[WhiteElo "2242"]
[BlackElo "2377"]

1.d4 Nf6 2.c4 e6 3.g3 c5 4.Nf3 cxd4 5.Nxd4 d5 6.Bg2 e5 7.Nf3 d4 8.O-O Nc6
9.e3 Bc5 10.exd4 exd4 11.Bf4 O-O 12.Nbd2 Bf5 13.Ne5 Nxe5 14.Bxe5 Nd7 15.Bf4 g5
16.Qh5 h6 17.Bxb7 Bg6 18.Qh3 Rc8 19.Bxc8 Qxc8 20.Qxh6 gxf4 21.Qxf4 Qb8 22.Qxb8 Rxb8
23.Nb3 Bc2 24.Nxd4 Bxd4 25.Rad1 Bxd1 26.Rxd1 Ne5 27.b3 Rd8 28.Kg2 Bb6 29.Rxd8+ Bxd8
30.f4 Nd3 31.Kf3 Nc1 32.Ke4 Nxa2 33.Kd5 Kf8 34.c5 Nb4+ 35.Kc4 a5 36.g4 Bc7
37.Kb5 Nd3 38.f5 Bxh2 39.c6 Bc7 40.g5 Ke7 41.g6 fxg6 42.fxg6 Kf6  0-1

[Event "17th Senior WCh"]
[Site "Gmunden AUT"]
[Date "2007.09.18"]
[Round "2"]
[White "Samuelsson,SG"]
[Black "Farago,I"]
[Result "0-1"]
[WhiteElo "2196"]
[BlackElo "2501"]

1.d4 Nf6 2.c4 e6 3.g3 c5 4.Nf3 cxd4 5.Nxd4 d5 6.Bg2 e5 7.Nc2 d4 8.O-O Nc6
9.b4 Bd6 10.c5 Bc7 11.b5 Ne7 12.f4 O-O 13.fxe5 Bxe5 14.Bf4 Bxf4 15.Rxf4 Qc7
16.Nba3 Ned5 17.Rxd4 Qxc5 18.e3 Nxe3 19.Nxe3 Qxa3 20.Qd2 Bd7 21.Rf1 Rae8
22.Rxf6 Rxe3 23.Rfd6 Bxb5 24.Rd8 Re2 25.Rxf8+ Kxf8 26.Rd8+ Ke7 27.Rd7+ Bxd7
28.Qxe2+ Be6 29.Bxb7 Qxa2 30.Qb5 Qa1+ 31.Kg2 Qd4 32.Qg5+ Kf8 33.Bf3 g6 34.h4 Kg7
35.Qa5 Qb2+ 36.Kg1 Qb1+ 37.Kh2 Qa2+  0-1

[Event "Highlands Open A"]
[Site "Zdar nad Sazavou CZE"]
[Date "2007.09.28"]
[Round "7"]
[White "Jirka,J"]
[Black "Kanovsky,D"]
[Result "1-0"]
[WhiteElo "2398"]
[BlackElo "2410"]

1.d4 Nf6 2.c4 e6 3.g3 c5 4.d5 exd5 5.cxd5 b5 6.f3 c4 7.a4 Qa5+ 8.Kf2 Na6
9.e4 Nc5 10.Nd2 Rb8 11.Kg2 Ba6 12.Ne2 Bd6 13.Nd4 Be5 14.Nc2 Nxa4 15.f4 Bc7
16.Be2 O-O 17.Bf3 Rfc8 18.e5 Ne8 19.Ne4 b4 20.Nd4 b3 21.Bd2 c3 22.Bxc3 Nxc3
23.Nxc3 Qc5 24.Rxa6 Rb4 25.Ra4 Rcb8 26.d6 Bd8 27.Rxb4 Rxb4 28.Nde2 Bb6 29.Rf1 Rc4
30.Qd5  1-0

[Event "27th Open"]
[Site "Munich GER"]
[Date "2007.10.03"]
[Round "5"]
[White "Vogel,R"]
[Black "Von Wantoch Rekowski,D"]
[Result "0-1"]
[WhiteElo "2285"]
[BlackElo "2242"]

1.d4 Nf6 2.c4 e6 3.g3 c5 4.Nf3 cxd4 5.Nxd4 Qc7 6.Bg2 Qxc4 7.Nc3 Bb4 8.O-O Bxc3
9.bxc3 Nd5 10.Nf5 exf5 11.Bxd5 Qxc3 12.Rb1 O-O 13.Bb2 Qc5 14.Rc1 Qb6 15.Ba3 d6
16.Bxd6 Re8 17.Rc7 Nd7 18.Qd3 Kh8 19.Bxf7 Rd8 20.Rb1 Ne5 21.Bxe5 Rxd3 22.Rbc1 Qxc7
23.Bxc7 Rd7 24.Bh5 Rd2 25.Bf3 Rxa2 26.Be5 Rd2 27.e3 Rd7 28.Bd4 a5 29.Rc5 Kg8
30.Bd5+ Kf8 31.Bc3 b6 32.Bxa8 bxc5 33.Bc6 Ra7 34.Ba4 g6 35.Kf1 Ke7 36.Ke2 Kd6
37.Kd3 Rd7 38.Bxd7 Kxd7 39.Kc4 Kc6  0-1

[Event "2nd MAIG Team Standard"]
[Site "Macau CHN"]
[Date "2007.10.28"]
[Round "2"]
[White "Batchuluun,C"]
[Black "Adianto,U"]
[Result "1/2-1/2"]
[WhiteElo "2415"]
[BlackElo "2572"]

1.d4 Nf6 2.c4 e6 3.g3 c5 4.Nf3 cxd4 5.Nxd4 d5 6.Bg2 e5 7.Nb3 d4 8.e3 Bb4+
9.Bd2 Bg4 10.f3 Bxd2+ 11.Qxd2 Be6 12.exd4 exd4 13.Nxd4 Bxc4 14.Qe3+ Qe7 15.Qxe7+ Kxe7
16.Nc3 Rd8 17.O-O-O Nc6 18.Rhe1+ Kf8 19.Nxc6 bxc6 20.f4 Rxd1+ 21.Rxd1 Rc8
22.Rd4 Be6 23.Rd6 Bd7 24.Ne4 Ke7 25.Nxf6 Kxd6 26.Nxd7 f6 27.Bh3 Re8 28.Kd2 c5
29.b3 Rd8 30.Kd3 Re8 31.Kd2 Rd8 32.a3 Rxd7 33.Bxd7 Kxd7 34.Kd3 f5 35.h3 h5
36.Kc3 Kd6 37.Kc4 Kc6 38.h4 a6 39.b4 cxb4 40.Kxb4 Kb6 41.a4 a5+ 42.Kc4 Kc6
43.Kd4 Kd6 44.Kc4 Kc6 45.Kd4 Kd6 46.Kc4  1/2-1/2

[Event "WYb16"]
[Site "Kemer TUR"]
[Date "2007.11.22"]
[Round "6"]
[White "Benidze,D"]
[Black "Poetz,F"]
[Result "1-0"]
[WhiteElo "2365"]
[BlackElo "2174"]

1.d4 Nf6 2.c4 e6 3.g3 c5 4.Nf3 cxd4 5.Nxd4 Nc6 6.Bg2 Qb6 7.Nc2 Ne5 8.b3 Be7
9.O-O O-O 10.Nc3 d6 11.e4 a6 12.Qe2 Bd7 13.Be3 Qc7 14.f4 Ng6 15.Rac1 Rad8
16.Nd4 Bc8 17.h3 Rfe8 18.Qf2 Qb8 19.Kh1 Bf8 20.a4 h6 21.Nf3 Bd7 22.Ba7 Qa8
23.e5 Nh7 24.Bb6 Rc8 25.exd6 Bxd6 26.Rcd1 Qb8 27.Ne4 Rc6 28.c5  1-0

[Event "20th Belgrade Trophy"]
[Site "Belgrade SRB"]
[Date "2007.11.26"]
[Round "5"]
[White "Mlynek,P"]
[Black "Manojlovic,Se"]
[Result "0-1"]
[WhiteElo "2210"]
[BlackElo "2110"]

1.d4 Nf6 2.c4 e6 3.g3 c5 4.Nf3 cxd4 5.Nxd4 Nc6 6.Bg2 Bb4+ 7.Nc3 a6 8.O-O O-O
9.e4 Qc7 10.Bg5 Be7 11.Rc1 d6 12.Be3 Bd7 13.Qe2 Rac8 14.b3 Qa5 15.h3 Nxd4
16.Bxd4 b5 17.e5 dxe5 18.Qxe5 Ba3 19.Ne4 Ne8 20.Rcd1 f6 21.Qh5 Qc7 22.cxb5 Bxb5
23.Rfe1 e5 24.Ba1 Qf7 25.Qf5 Qc7 26.Ng5 fxg5 27.Qe6+ Kh8 28.Bxe5 Qc2 29.Bd4 Nf6
30.Qe5 h6 31.Be4 Qc7 32.Qf5 Nxe4 33.Qxe4 Qf7 34.Qg4 Bc5 35.Rc1 Bd7  0-1

[Event "Parsvnath ch-Commonwealth"]
[Site "New Delhi IND"]
[Date "2007.12.07"]
[Round "7"]
[White "Shiva,Mu"]
[Black "Praveen Kumar,C1"]
[Result "1/2-1/2"]
[WhiteElo "1970"]
[BlackElo "2279"]

1.d4 e6 2.c4 Nf6 3.g3 c5 4.Nf3 b6 5.Bg2 Bb7 6.Nc3 Be7 7.O-O cxd4 8.Qxd4 d6
9.Rd1 a6 10.b3 Nc6 11.Qf4 Qc7 12.Ba3 Rd8 13.Rac1 Qb8 14.Ng5 O-O 15.Nge4 Ne8
16.Qe3 Ba8 17.Na4 d5 18.Bxe7 Nxe7 19.Qxb6 Nc7 20.cxd5 Nexd5 21.Qxb8 Rxb8
22.Nec5 Rfd8 23.e4 Nf6 24.f3 h5 25.Kf2 a5 26.Bf1 g5 27.Nd3 Nce8 28.Nac5 g4
29.Be2 gxf3 30.Bxf3 Ng4+ 31.Bxg4 hxg4 32.Ne5 Nf6 33.Ned7 Nxd7 34.Nxd7 Rbc8
35.Nf6+ Kg7 36.Nxg4 Bxe4 37.Ke3 Bf5 38.Ne5 Kf6 39.Nc4 Rh8 40.Rd2 Rc5 41.Rf1 Ke7
42.Rf4 Bg6 43.Rfd4 Rb8  1/2-1/2

[Event "7th Amplico AIG Life"]
[Site "Warsaw POL"]
[Date "2007.12.15"]
[Round "7"]
[White "Marszalek,Mac"]
[Black "Gajewski,G"]
[Result "0-1"]
[WhiteElo "2395"]
[BlackElo "2573"]

1.d4 Nf6 2.c4 e6 3.g3 c5 4.d5 exd5 5.cxd5 d6 6.Nc3 g6 7.Bg2 Bg7 8.Nf3 O-O
9.O-O a6 10.a4 Re8 11.h3 Nbd7 12.Bf4 Nh5 13.Bd2 Rb8 14.a5 f5 15.Re1 b5 16.axb6 Qxb6
17.Rb1 Ndf6 18.Bg5 Ne4 19.Nxe4 Rxe4 20.Bd2 Bd7 21.Ng5 Re7 22.Ne6 Be5 23.Bg5 Ree8
24.e4 Bxe6 25.dxe6 f4 26.gxf4 Bxf4 27.Qd5 Kg7 28.Bh4 Be5 29.Bg3 Nxg3 30.fxg3 c4+
31.Kh1 Qf2 32.Rf1 Qxg3 33.Rf7+ Kh8 34.Kg1 c3 35.Rf3 Qh2+ 36.Kf1 Rxb2 37.Rxb2 cxb2
38.Qb7 Bd4 39.Rf2 Qe5 40.Rf7 Qb5+  0-1

[Event "VI Memorial Pereyra"]
[Site "Mendoza ARG"]
[Date "2007.12.20"]
[Round "7"]
[White "Ricardi,P"]
[Black "Rosito,J"]
[Result "0-1"]
[WhiteElo "2519"]
[BlackElo "2414"]

1.d4 Nf6 2.c4 e6 3.g3 c5 4.Nf3 cxd4 5.Nxd4 d5 6.Bg2 e5 7.Nf3 d4 8.O-O Nc6
9.e3 Bc5 10.exd4 exd4 11.Re1+ Be6 12.Nbd2 O-O 13.Nb3 Bb4 14.Bd2 Be7 15.Bf4 Bb4
16.Rxe6 fxe6 17.c5 Re8 18.a3 Ba5 19.Nxa5 Qxa5 20.Bd6 Ne4 21.Nxd4 Nxd4 22.Qxd4 Nxd6
23.cxd6 Rad8 24.Bxb7 Qb5 25.Bg2 Rd7 26.Re1 Qa6 27.Rd1 Red8 28.Qh4 Qe2 29.Qd4 Rxd6
30.Qxd6 Qxd1+ 31.Qxd1 Rxd1+ 32.Bf1 Rb1 33.b4 Ra1 34.Kg2 Rxa3 35.b5 Kf7 36.h4 Kf6
37.Be2 e5 38.Bf3 Rb3 39.Bc6 Ke7 40.Kh3 Kd6 41.h5 a5 42.Be8 Rb4 43.g4 a4  0-1

[Event "37th Rilton Cup"]
[Site "Stockholm SWE"]
[Date "2008.01.05"]
[Round "9"]
[White "Akesson,R"]
[Black "Nyysti,S"]
[Result "0-1"]
[WhiteElo "2468"]
[BlackElo "2364"]

1.d4 Nf6 2.c4 e6 3.g3 c5 4.d5 exd5 5.cxd5 d6 6.Nc3 g6 7.Bg2 Bg7 8.Nf3 O-O
9.O-O Re8 10.h3 a6 11.a4 Nbd7 12.Nd2 Rb8 13.Nc4 Nb6 14.Na3 Bd7 15.Bf4 Qc7
16.b3 Nh5 17.Bd2 Nc8 18.g4 Nf4 19.Bxf4 Bxc3 20.Rc1 Bb2 21.Rc2 Bg7 22.Qd2 b5
23.b4 c4 24.a5 f5 25.g5 Re4 26.Nb1 Ne7 27.e3 Re8 28.Nc3 Nc8 29.Bxe4 fxe4
30.Kh2 Re5 31.Kg2 Bf5 32.Ne2 Qd7 33.Rh1 Qf7 34.Bxe5 Bxe5 35.Rcc1 Ne7 36.Rcd1 Bc8
37.Ng1 c3 38.Qc2 Qf5 39.h4 Bb7 40.Kf1 Bxd5 41.f4 exf3 42.Qxf5 Nxf5 43.Rxd5 Nxe3+
44.Kf2 Nxd5 45.Nxf3 Bf4 46.Nd4 Be3+ 47.Kf3 Bxd4 48.Ke4 Be3  0-1

[Event "IMB1"]
[Site "Marianske Lazne CZE"]
[Date "2008.01.24"]
[Round "7"]
[White "Kozhuharov,S"]
[Black "Krupa,M"]
[Result "1-0"]
[WhiteElo "2456"]
[BlackElo "2266"]

1.d4 Nf6 2.c4 e6 3.g3 c5 4.d5 b5 5.dxe6 fxe6 6.Bg2 d5 7.cxd5 Bb7 8.Nh3 exd5
9.O-O Na6 10.Bg5 Be7 11.Nc3 Nc7 12.Nf4 Ng8 13.Bxe7 Nxe7 14.e4 d4 15.Qh5+ g6
16.Qe5 Kf7 17.Rad1 b4 18.Na4 Re8 19.Qxc5 Nc6 20.Qc4+ Kg7 21.Nc5 Bc8 22.Nfd3 Rb8
23.f4  1-0

[Event "6th ch-PriFO Men"]
[Site "Kazan RUS"]
[Date "2008.01.26"]
[Round "4"]
[White "Ponfilenok,V"]
[Black "Shaposhnikov,E"]
[Result "1/2-1/2"]
[WhiteElo "2427"]
[BlackElo "2537"]

1.d4 Nf6 2.c4 e6 3.g3 c5 4.d5 exd5 5.cxd5 b5 6.Nf3 g6 7.e4 Nxe4 8.Bxb5 Bg7
9.O-O O-O 10.Re1 Nf6 11.Nc3 d6 12.Bf1 Nbd7 13.Bf4 Nb6 14.Nb5 Nfxd5 15.Bxd6 a6
16.Bxf8 Qxf8 17.Nc3 Nxc3 18.bxc3 Bxc3 19.Rb1 Bxe1 20.Nxe1 Rb8 21.Nc2 Be6
22.Ne3 Bxa2 23.Ra1 Be6 24.Rxa6 Qe7 25.Qa1 Nd5 26.Qe5 Rd8 27.Nxd5 Rxd5 28.Ra8+ Rd8
29.Rxd8+ Qxd8 30.Qxc5 Qf6  1/2-1/2

[Event "25th Festival Open A"]
[Site "Bled SLO"]
[Date "2008.02.27"]
[Round "6"]
[White "Mlacnik,F"]
[Black "Plenca,J"]
[Result "0-1"]
[WhiteElo "2161"]
[BlackElo "2256"]

1.d4 e6 2.c4 Nf6 3.g3 c5 4.Nf3 b6 5.Bg2 Bb7 6.O-O Be7 7.Nc3 cxd4 8.Nxd4 Bxg2
9.Kxg2 O-O 10.e4 Qc7 11.Qe2 d6 12.b3 a6 13.Bb2 Nbd7 14.g4 Qc5 15.Rad1 Qg5
16.h3 Nh5 17.f4 Nxf4+ 18.Rxf4 Qxf4 19.Rf1 Qh6 20.Nf3 Ne5 21.Bc1 Qg6 22.Qe3 f5
23.exf5 Rxf5 24.Nxe5 Rxe5 25.Qxb6 Rf8 26.Rxf8+ Bxf8 27.Qf2 Qd3 28.Qd2 Qg6
29.Ba3 h5 30.Kg3 Be7 31.Qd4 hxg4 32.hxg4 Qh6 33.Kg2 Re1  0-1

[Event "TCh-HUN 2007-8"]
[Site "Budapest HUN"]
[Date "2008.03.02"]
[Round "7"]
[White "Kiss,At"]
[Black "Pap,G"]
[Result "0-1"]
[WhiteElo "2383"]
[BlackElo "2427"]

1.d4 Nf6 2.c4 e6 3.g3 c5 4.Nf3 cxd4 5.Nxd4 Bb4+ 6.Bd2 Be7 7.Bg2 Nc6 8.Bc3 O-O
9.O-O Qc7 10.Nd2 b6 11.Rc1 Bb7 12.Nb5 Qb8 13.Ne4 Nxe4 14.Bxe4 a6 15.Nd4 Qc7
16.Qc2 h6 17.Rfd1 Rac8 18.Nxc6 Bxc6 19.Bxc6 Qxc6 20.b3 Rfd8 21.Qb2 Bf8 22.Rd3 b5
23.Ba5 Re8 24.Bd2 Qb7 25.cxb5 axb5 26.Rdc3 d5 27.Rxc8 Rxc8 28.Rxc8 Qxc8 29.a3 Qa8
30.Bc1 Bc5 31.Qe5 Qc6 32.Bb2 f6 33.Qc3 d4 34.Qd3 e5 35.a4 e4 36.Qxb5 Qxb5
37.axb5 Kf7 38.g4 Ke6 39.Kf1 g6 40.Bc1 h5 41.gxh5 gxh5 42.Bd2 Bd6 43.h3 Kd5
44.Ba5 Kc5 45.Bd8 f5 46.Bf6 Bc7 47.f3 Bb6 48.fxe4 fxe4 49.Kf2 Kxb5 50.Kg3 Kb4
51.Kf4 d3 52.exd3 exd3 53.Kf3 Kxb3 54.Bg5 Kc2 55.Bf4 Ba5 56.Be3 Bd2 57.Bb6 Bg5  0-1

[Event "TCh-ISR"]
[Site "Israel ISR"]
[Date "2008.03.28"]
[Round "4"]
[White "Avrukh,B"]
[Black "Bar,R"]
[Result "1-0"]
[WhiteElo "2632"]
[BlackElo "2425"]

1.d4 Nf6 2.c4 e6 3.g3 c5 4.d5 exd5 5.cxd5 d6 6.Nc3 g6 7.Bg2 Bg7 8.Nf3 O-O
9.O-O a6 10.a4 Nbd7 11.Nd2 Re8 12.h3 Rb8 13.Nc4 Ne5 14.Na3 Nh5 15.e4 Bd7
16.a5 Qxa5 17.g4 Nf6 18.f4 Nexg4 19.hxg4 Nxg4 20.f5 Ne5 21.Bg5 h6 22.Nc4 Qb4
23.Nxe5 Bxe5 24.fxg6 fxg6 25.Bf4 Bxf4 26.Rxf4 Rf8 27.Qd2 g5 28.Rxf8+ Rxf8
29.Re1 Re8 30.Qf2 Rf8 31.Qd2 Re8 32.Kh1 b5 33.Rf1 Qd4 34.Qxd4 cxd4 35.Ne2 d3
36.Nc1 Bg4 37.Rf2 Be2 38.Nxe2 dxe2 39.Rxe2 Kg7 40.Kh2 h5 41.b4 Kf6 42.Rf2+ Ke5
43.Rf5+ Kd4 44.Rxg5 Kc4 45.Rg6 Rd8 46.e5 dxe5 47.Rxa6 Kxb4 48.Rc6 Ka3 49.d6 b4
50.Ra6+ Kb2 51.Bh3 e4 52.d7 e3 53.Kg2 Kc3 54.Kf3 Kd4 55.Rd6+ Kc5 56.Rd3  1-0

[Event "Sozina Open"]
[Site "Bar MNE"]
[Date "2008.04.02"]
[Round "6"]
[White "Blagojevic,Dr"]
[Black "Nikac,P"]
[Result "1-0"]
[WhiteElo "2532"]
[BlackElo "2355"]

1.d4 e6 2.c4 Nf6 3.g3 c5 4.d5 exd5 5.cxd5 b5 6.Bg2 d6 7.b4 Nbd7 8.Nc3 cxb4
9.Nxb5 Qb6 10.Nd4 g6 11.Ne6 Ng4 12.Nh3 Be7 13.Bb2 Bf6 14.Rb1 Nde5 15.Nd4 Nc4
16.e3 O-O 17.O-O Nge5 18.Bc1 a5 19.a3 Bd7 20.Nf4 Rfb8 21.axb4 axb4 22.Nc6 b3
23.Nd3 Bg4 24.Ndxe5 Bxd1 25.Nxc4 Qc5 26.Nxb8 Bg4 27.Nd2 Bf5 28.Nd7 Bxd7 29.Ne4 Bf5
30.Nxc5 Bxb1 31.Nxb3 Bd3 32.Re1 Bc3 33.Bd2 Bb2 34.Nd4 Ra2 35.Bb4  1-0